000 00307nam a2200133Ia 4500
005 20260328101516.0
008 260328s9999||||xx |||||||||||||| ||und||
100 _aCorazón, Alberto
245 0 _aBauhaus /
_cAlberto Corazón
260 _bDedalo
300 _a224 p.
650 _aARQUITECTURA
942 _cBK
999 _c9401
_d9401